{"text_format":"3","workbook":"xlsx","n_sheets":2,"sheets":["PLANILHA DE CUSTO AMPARO","CRONOGRAMA"],"not_rendered":{"images":3,"external_links":2,"defined_names":16},"read":"whole","date_system":"1900"}

{"sheet":"PLANILHA DE CUSTO AMPARO","index":0,"n_rows":37,"n_cols":9,"rows_kept":37,"merged":[[8,1,8,3],[12,0,12,8],[33,4,33,8],[36,3,36,8],[37,3,37,8]]}
{"$rows_empty":7}
[{"$nulls":3},"PLANILHA ORÇAMENTÁRIA"]
["OBRA:- ","ILUMINAÇÃO DO SISTEMA VIÁRIO SÃO DIMAS"]
["LOCAL:-","SÃO DIMAS - JD EUROPA - CHÁCARAS SÃO JOÃO"]
["BASE:","SINAPI ","Boletim 05/2022",null,"CDHU","Bol 186"]
["DATA PLANILHA","2022-07-01"]
["ORÇAMENTO"]
["Item","Codigo","BASE","Descrição","Unid.","Quant.","Custo Unitário (R$)","Preço Unitario  (com BDI 27,23%) (R$)","Preço Total (R$)"]
[1,"01.06.031","CDHU","Elaboração de projeto de adequação de entrada de energia elétrica junto a concessionária, com medição em média tensão, subestação simplificada e demanda de 75 kVA a 300 kVA","Unid.",{"v":2,"d":"2.00"},{"v":11658.08,"d":"R$ 11,658.08"},{"$f":"G15*1.2723","v":{"v":14832.575184,"d":"R$ 14,832.58"}},{"$f":"F15*H15","v":{"v":29665.150368,"d":"R$ 29,665.15"}}]
[2,"01.17.121","CDHU","Projeto executivo de instalações elétricas em formato A0","Unid.",{"v":5,"d":"5.00"},{"v":1314.36,"d":"R$ 1,314.36"},{"v":1672.2602279999999,"d":"R$ 1,672.26"},{"v":8361.30114,"d":"R$ 8,361.30"}]
[3,100621,"Sinapi","POSTE DE AÇO CONICO CONTÍNUO CURVO DUPLO, FLANGEADO, H=9M, INCLUSIVE LUMINÁRIAS, SEM LÂMPADAS - FORNECIMENTO E INSTALACAO.","und",{"v":26,"d":"26.00"},{"v":4481.01,"d":"R$ 4,481.01"},{"$f":"G17*1.2723","v":{"v":5701.189023,"d":"R$ 5,701.19"}},{"$f":"F17*H17","v":{"v":148230.914598,"d":"R$ 148,230.91"}}]
[4,101658,"Sinapi","LUMINARIA DE LED150W","und",{"v":26,"d":"26.00"},{"v":884.51,"d":"R$ 884.51"},{"$f":"G18*1.2723","v":{"v":1125.362073,"d":"R$ 1,125.36"}},{"$f":"F18*H18","v":{"v":29259.413898,"d":"R$ 29,259.41"}}]
[5,101654,"Sinapi","LUMINARIA DE LED 40 W ","und",{"v":26,"d":"26.00"},{"v":318.9,"d":"R$ 318.90"},{"v":405.73646999999994,"d":"R$ 405.74"},{"v":10549.14822,"d":"R$ 10,549.15"}]
[6,92984,"Sinapi","CABO DE COBRE FLEXÍVEL ISOLADO, 25 MM², ANTI-CHAMA 0,6/1,0 KV, PARA RE DE ENTERRADA DE DISTRIBUIÇÃO DE ENERGIA ELÉTRICA","M",{"v":100,"d":"100.00"},{"v":23.92,"d":"R$ 23.92"},{"v":30.433416,"d":"R$ 30.43"},{"v":3043.3416,"d":"R$ 3,043.34"}]
[7,91935,"Sinapi","CABO DE COBRE 16MM CABO DE COBRE FLEXÍVEL ISOLADO, 16 MM², ANTI-CHAMA 0,6/1,0 KV, PARA RCUITOS TERMINAIS","M",{"v":2135,"d":"2,135.00"},{"v":21.74,"d":"R$ 21.74"},{"v":27.659802,"d":"R$ 27.66"},{"v":59053.67727,"d":"R$ 59,053.68"}]
[8,91927,"Sinapi","CABO DE COBRE FLEXÍVEL ISOLADO, 2,5 MM², ANTI-CHAMA 0,6/1,0 KV, PARA C ","M",{"v":800,"d":"800.00"},{"v":4.85,"d":"R$ 4.85"},{"v":6.170654999999999,"d":"R$ 6.17"},{"v":4936.523999999999,"d":"R$ 4,936.52"}]
[9,96985,"Sinapi","HASTE DE ATERRAMENTO 5/8 PARA - FORNECIMENTO E INSTALAÇÃO.","und",{"v":26,"d":"26.00"},{"v":90.69,"d":"R$ 90.69"},{"v":115.38488699999999,"d":"R$ 115.38"},{"v":3000.0070619999997,"d":"R$ 3,000.01"}]
[10,11864,"Sinapi","CONECTOR METALICO TIPO PARAFUSO FENDIDO (SPLIT BOLT), PARA CABOS ATE 95 mm","und",{"v":87,"d":"87.00"},{"v":33.05,"d":"R$ 33.05"},{"v":42.04951499999999,"d":"R$ 42.05"},{"v":3658.3078049999995,"d":"R$ 3,658.31"}]
[11,96977,"Sinapi","CORDOALHA DE COBRE NU 50 MM², ENTERRADA, SEM ISOLADOR","M",{"v":500,"d":"500.00"},{"v":46.73,"d":"R$ 46.73"},{"$f":"G25*1.2723","v":{"v":59.454578999999995,"d":"R$ 59.45"}},{"v":29727.2895,"d":"R$ 29,727.29"}]
[12,91860,"Sinapi","ELETRODUTO CORRUGADO 1.1/4","M",{"v":800,"d":"800.00"},{"v":12.75,"d":"R$ 12.75"},{"v":16.221825,"d":"R$ 16.22"},{"v":12977.46,"d":"R$ 12,977.46"}]
[13,97882,"Sinapi","CAIXA ENTERRADA ELÉTRICA RETANGULAR, EM CONCRETO PRÉ-MOLDADO, FUNDO COM BRITA, DIMENSÕES INTERNAS: 0,3X0,3X0,3 M","Unid.",{"v":30,"d":"30.00"},{"v":185.98,"d":"R$ 185.98"},{"v":236.62235399999997,"d":"R$ 236.62"},{"v":7098.670619999999,"d":"R$ 7,098.67"}]
[14,101507,"Sinapi","ENTRADA DE ENERGIA ELÉTRICA, AÉREA, TRIFÁSICA, COM CAIXA DE SOBREPOR, CABO DE 25 MM2 E DISJUNTOR DIN 50A (NÃO INCLUSO O POSTE DE CONCRETO).","Unid.",{"v":2,"d":"2.00"},{"v":1843.77,"d":"R$ 1,843.77"},{"v":2345.828571,"d":"R$ 2,345.83"},{"v":4691.657142,"d":"R$ 4,691.66"}]
[15,100603,"Sinapi","ASSENTAMENTO DE POSTE DE CONCRETO COM COMPRIMENTO NOMINAL DE 10 M, CARGA NOMINAL MENOR OU IGUAL A 1000 DAN, ENGASTAMENTO SIMPLES COM 1,6 M ","Unid.",{"v":2,"d":"2.00"},{"v":1252.86,"d":"R$ 1,252.86"},{"v":1594.0137779999998,"d":"R$ 1,594.01"},{"v":3188.0275559999995,"d":"R$ 3,188.03"}]
[16,90084,"Sinapi","ESCAVAÇÃO MECANIZADA DE VALA COM PROF. MAIOR QUE 1,5 M ATÉ 3,0 M (MÉDIA MONTANTE E JUSANTE/UMA COMPOSIÇÃO POR TRECHO), ESCAVADEIRA (0,8 M3),\nLARGURA ATÉ 1,5 M, EM SOLO DE 1A CATEGORIA, EM LOCAIS COM ALTO NÍVEL\nDE INTERFERÊNCIA. AF_02/2021","m3",{"v":430,"d":"430.00"},{"v":10.89,"d":"R$ 10.89"},{"v":13.855347,"d":"R$ 13.86"},{"v":5957.79921,"d":"R$ 5,957.80"}]
[17,96995,"Sinapi","REATERRO MANUAL APILOADO COM SOQUETE. AF_10/2017","m3",{"v":120,"d":"120.00"},{"v":52.76,"d":"R$ 52.76"},{"v":67.126548,"d":"R$ 67.13"},{"v":8055.18576,"d":"R$ 8,055.19"}]
[18,102361,"Sinapi","RETIRADA DE MATERIAL DE 3ª CATEGORIA (APÓS ESCAVAÇÃO/DESMONTE) EM VALA M3 S, COM RETROESCAVADEIRA - EXCLUSIVE CARGA E TRANSPORTE. ","m3",{"v":85,"d":"85.00"},{"v":33.58,"d":"R$ 33.58"},{"v":42.723834,"d":"R$ 42.72"},{"v":3631.52589,"d":"R$ 3,631.53"}]
[{"$nulls":3},"TOTAL ORÇAMENTO COM BDI",{"$nulls":4},{"$f":"SUM(I15:I32)","v":{"v":375085.401639,"d":"R$ 375,085.40"}}]
[]
[{"$nulls":3},"Mônica de Souza Lenzi Baraldi"]
[{"$nulls":3},"Engenheira Civil - SMDU"]
[{"$nulls":3},"CREA 5060266194"]

{"sheet":"CRONOGRAMA","index":1,"n_rows":34,"n_cols":15,"rows_kept":34,"merged":[[8,1,8,3],[12,9,12,10],[12,11,12,12],[12,13,12,14]]}
{"$rows_empty":7}
[{"$nulls":3},"CRONOGRAMA "]
["OBRA:- ","ILUMINAÇÃO DO SISTEMA VIÁRIO SÃO DIMAS"]
["LOCAL:-","SÃO DIMAS - JD EUROPA - CHÁCARAS SÃO JOÃO",null,{"$f":"'PLANILHA DE CUSTO AMPARO'!B10","v":"SÃO DIMAS - JD EUROPA - CHÁCARAS SÃO JOÃO"}]
["BASE:","SINAPI ","Boletim 05/2022","SINAPI 05/2022","CDHU","Bol 186",null,null,"CDHU Bol 186"]
["DATA PLANILHA","2022-07-01",null,"01.07.2022"]
[{"$nulls":9},"1º mês",null,"2º mês",null,"3º mês"]
["Item","Codigo","BASE","Descrição","Unid.","Quant.","Custo Unitário (R$)","Preço Unitario  (com BDI 27,23%) (R$)","Preço Total (R$)","Valor","Part","Valor","Part","Valor","Part"]
[1,"01.06.031","CDHU","Elaboração de projeto de adequação de entrada de energia elétrica junto a concessionária, com medição em média tensão, subestação simplificada e demanda de 75 kVA a 300 kVA","Unid.",{"v":2,"d":"2.00"},{"v":11658.08,"d":"R$ 11,658.08"},{"$f":"G15*1.2723","v":{"v":14832.575184,"d":"R$ 14,832.58"}},{"$f":"F15*H15","v":{"v":29665.150368,"d":"R$ 29,665.15"}},{"$f":"I15*50%","v":{"v":14832.575184,"d":"14,832.58"}},{"v":0.5,"d":"50.00%"},{"$f":"I15-J15","v":{"v":14832.575184,"d":"14,832.58"}},{"v":0.5,"d":"50%"}]
[2,"01.17.121","CDHU","Projeto executivo de instalações elétricas em formato A0","Unid.",{"v":5,"d":"5.00"},{"v":1314.36,"d":"R$ 1,314.36"},{"v":1672.2602279999999,"d":"R$ 1,672.26"},{"v":8361.30114,"d":"R$ 8,361.30"},{"$f":"I16*60%","v":{"v":5016.780683999999,"d":"5,016.78"}},{"v":0.6,"d":"60.00%"},{"$f":"I16*40%","v":{"v":3344.520456,"d":"3,344.52"}},{"v":0.4,"d":"40%"}]
[3,100621,"Sinapi","POSTE DE AÇO CONICO CONTÍNUO CURVO DUPLO, FLANGEADO, H=9M, INCLUSIVE LUMINÁRIAS, SEM LÂMPADAS - FORNECIMENTO E INSTALACAO.","und",{"v":26,"d":"26.00"},{"v":4481.01,"d":"R$ 4,481.01"},{"$f":"G17*1.2723","v":{"v":5701.189023,"d":"R$ 5,701.19"}},{"$f":"F17*H17","v":{"v":148230.914598,"d":"R$ 148,230.91"}},null,null,{"$f":"I17*60%","v":{"v":88938.5487588,"d":"88,938.55"}},{"v":0.6,"d":"60%"},{"$f":"I17*40%","v":{"v":59292.36583920001,"d":"59,292.37"}},{"$f":"40%","v":{"v":0.4,"d":"40%"}}]
[4,101658,"Sinapi","LUMINARIA DE LED150W","und",{"v":26,"d":"26.00"},{"v":884.51,"d":"R$ 884.51"},{"$f":"G18*1.2723","v":{"v":1125.362073,"d":"R$ 1,125.36"}},{"$f":"F18*H18","v":{"v":29259.413898,"d":"R$ 29,259.41"}},null,null,{"$f":"I18*60%","v":{"v":17555.648338799998,"d":"17,555.65"}},{"v":0.6,"d":"60%"},{"$f":"I18-L18","v":{"v":11703.765559200001,"d":"11,703.77"}},{"$f":"40%","v":{"v":0.4,"d":"40%"}}]
[5,101654,"Sinapi","LUMINARIA DE LED 40 W ","und",{"v":26,"d":"26.00"},{"v":318.9,"d":"R$ 318.90"},{"v":405.73646999999994,"d":"R$ 405.74"},{"v":10549.14822,"d":"R$ 10,549.15"},null,null,{"$f":"I19*60%","v":{"v":6329.488931999999,"d":"6,329.49"}},{"v":0.6,"d":"60%"},{"$f":"I19-L19","v":{"v":4219.659288,"d":"4,219.66"}},{"$f":"40%","v":{"v":0.4,"d":"40%"}}]
[6,92984,"Sinapi","CABO DE COBRE FLEXÍVEL ISOLADO, 25 MM², ANTI-CHAMA 0,6/1,0 KV, PARA RE DE ENTERRADA DE DISTRIBUIÇÃO DE ENERGIA ELÉTRICA","M",{"v":100,"d":"100.00"},{"v":23.92,"d":"R$ 23.92"},{"v":30.433416,"d":"R$ 30.43"},{"v":3043.3416,"d":"R$ 3,043.34"},null,null,{"v":1826.00496,"d":"1,826.00"},{"v":0.6,"d":"60%"},{"v":1217.3366400000002,"d":"1,217.34"},{"$f":"40%","v":{"v":0.4,"d":"40%"}}]
[7,91935,"Sinapi","CABO DE COBRE 16MM CABO DE COBRE FLEXÍVEL ISOLADO, 16 MM², ANTI-CHAMA 0,6/1,0 KV, PARA RCUITOS TERMINAIS","M",{"v":2135,"d":"2,135.00"},{"v":21.74,"d":"R$ 21.74"},{"v":27.659802,"d":"R$ 27.66"},{"v":59053.67727,"d":"R$ 59,053.68"},null,null,{"v":35432.206362,"d":"35,432.21"},{"v":0.6,"d":"60%"},{"v":23621.470908000003,"d":"23,621.47"},{"$f":"40%","v":{"v":0.4,"d":"40%"}}]
[8,91927,"Sinapi","CABO DE COBRE FLEXÍVEL ISOLADO, 2,5 MM², ANTI-CHAMA 0,6/1,0 KV, PARA C ","M",{"v":800,"d":"800.00"},{"v":4.85,"d":"R$ 4.85"},{"v":6.170654999999999,"d":"R$ 6.17"},{"v":4936.523999999999,"d":"R$ 4,936.52"},null,null,{"v":2961.9143999999997,"d":"2,961.91"},{"v":0.6,"d":"60%"},{"v":1974.6095999999998,"d":"1,974.61"},{"$f":"40%","v":{"v":0.4,"d":"40%"}}]
[9,96985,"Sinapi","HASTE DE ATERRAMENTO 5/8 PARA - FORNECIMENTO E INSTALAÇÃO.","und",{"v":26,"d":"26.00"},{"v":90.69,"d":"R$ 90.69"},{"v":115.38488699999999,"d":"R$ 115.38"},{"v":3000.0070619999997,"d":"R$ 3,000.01"},null,null,{"v":1800.0042371999998,"d":"1,800.00"},{"v":0.6,"d":"60%"},{"v":1200.0028247999999,"d":"1,200.00"},{"$f":"40%","v":{"v":0.4,"d":"40%"}}]
[10,11864,"Sinapi","CONECTOR METALICO TIPO PARAFUSO FENDIDO (SPLIT BOLT), PARA CABOS ATE 95 mm","und",{"v":87,"d":"87.00"},{"v":33.05,"d":"R$ 33.05"},{"v":42.04951499999999,"d":"R$ 42.05"},{"v":3658.3078049999995,"d":"R$ 3,658.31"},null,null,{"v":2194.9846829999997,"d":"2,194.98"},{"v":0.6,"d":"60%"},{"v":1463.3231219999998,"d":"1,463.32"},{"$f":"40%","v":{"v":0.4,"d":"40%"}}]
[11,96977,"Sinapi","CORDOALHA DE COBRE NU 50 MM², ENTERRADA, SEM ISOLADOR","M",{"v":500,"d":"500.00"},{"v":46.73,"d":"R$ 46.73"},{"$f":"G25*1.2723","v":{"v":59.454578999999995,"d":"R$ 59.45"}},{"v":29727.2895,"d":"R$ 29,727.29"},null,null,{"v":17836.3737,"d":"17,836.37"},{"v":0.6,"d":"60%"},{"v":11890.915799999999,"d":"11,890.92"},{"$f":"40%","v":{"v":0.4,"d":"40%"}}]
[12,91860,"Sinapi","ELETRODUTO CORRUGADO 1.1/4","M",{"v":800,"d":"800.00"},{"v":12.75,"d":"R$ 12.75"},{"v":16.221825,"d":"R$ 16.22"},{"v":12977.46,"d":"R$ 12,977.46"},null,null,{"$f":"I26*60%","v":{"v":7786.475999999999,"d":"7,786.48"}},{"v":0.6,"d":"60%"},{"v":5190.984,"d":"5,190.98"},{"$f":"40%","v":{"v":0.4,"d":"40%"}}]
[13,97882,"Sinapi","CAIXA ENTERRADA ELÉTRICA RETANGULAR, EM CONCRETO PRÉ-MOLDADO, FUNDO COM BRITA, DIMENSÕES INTERNAS: 0,3X0,3X0,3 M","Unid.",{"v":30,"d":"30.00"},{"v":185.98,"d":"R$ 185.98"},{"v":236.62235399999997,"d":"R$ 236.62"},{"v":7098.670619999999,"d":"R$ 7,098.67"},null,null,{"v":4259.202371999999,"d":"4,259.20"},{"v":0.6,"d":"60%"},{"v":2839.468248,"d":"2,839.47"},{"$f":"40%","v":{"v":0.4,"d":"40%"}}]
[14,101507,"Sinapi","ENTRADA DE ENERGIA ELÉTRICA, AÉREA, TRIFÁSICA, COM CAIXA DE SOBREPOR, CABO DE 25 MM2 E DISJUNTOR DIN 50A (NÃO INCLUSO O POSTE DE CONCRETO).","Unid.",{"v":2,"d":"2.00"},{"v":1843.77,"d":"R$ 1,843.77"},{"v":2345.828571,"d":"R$ 2,345.83"},{"v":4691.657142,"d":"R$ 4,691.66"},{"v":4691.66,"d":"4,691.66"},{"v":1,"d":"100.00%"}]
[15,100603,"Sinapi","ASSENTAMENTO DE POSTE DE CONCRETO COM COMPRIMENTO NOMINAL DE 10 M, CARGA NOMINAL MENOR OU IGUAL A 1000 DAN, ENGASTAMENTO SIMPLES COM 1,6 M ","Unid.",{"v":2,"d":"2.00"},{"v":1252.86,"d":"R$ 1,252.86"},{"v":1594.0137779999998,"d":"R$ 1,594.01"},{"v":3188.0275559999995,"d":"R$ 3,188.03"},{"$f":"I29","v":{"v":3188.0275559999995,"d":"3,188.03"}},{"v":1,"d":"100.00%"}]
[16,90084,"Sinapi","ESCAVAÇÃO MECANIZADA DE VALA COM PROF. MAIOR QUE 1,5 M ATÉ 3,0 M (MÉDIA MONTANTE E JUSANTE/UMA COMPOSIÇÃO POR TRECHO), ESCAVADEIRA (0,8 M3),\nLARGURA ATÉ 1,5 M, EM SOLO DE 1A CATEGORIA, EM LOCAIS COM ALTO NÍVEL\nDE INTERFERÊNCIA. AF_02/2021","m3",{"v":430,"d":"430.00"},{"v":10.89,"d":"R$ 10.89"},{"v":13.855347,"d":"R$ 13.86"},{"v":5957.79921,"d":"R$ 5,957.80"},{"$f":"I30","v":{"v":5957.79921,"d":"5,957.80"}},{"v":1,"d":"100.00%"}]
[17,96995,"Sinapi","REATERRO MANUAL APILOADO COM SOQUETE. AF_10/2017","m3",{"v":120,"d":"120.00"},{"v":52.76,"d":"R$ 52.76"},{"v":67.126548,"d":"R$ 67.13"},{"v":8055.18576,"d":"R$ 8,055.19"},{"v":8055.18576,"d":"8,055.19"},{"v":1,"d":"100.00%"}]
[18,102361,"Sinapi","RETIRADA DE MATERIAL DE 3ª CATEGORIA (APÓS ESCAVAÇÃO/DESMONTE) EM VALA M3 S, COM RETROESCAVADEIRA - EXCLUSIVE CARGA E TRANSPORTE. ","m3",{"v":85,"d":"85.00"},{"v":33.58,"d":"R$ 33.58"},{"v":42.723834,"d":"R$ 42.72"},{"v":3631.52589,"d":"R$ 3,631.53"},{"v":3631.52589,"d":"3,631.53"},{"v":1,"d":"100.00%"}]
[{"$nulls":3},"TOTAL ORÇAMENTO COM BDI",{"$nulls":4},{"$f":"SUM(I15:I32)","v":{"v":375085.401639,"d":"R$ 375,085.40"}},{"$f":"SUM(J15:J32)","v":{"v":45373.554284,"d":"45,373.55"}},{"$f":"J33/I33","v":{"v":0.12096859564710455,"d":"12.10%"}},{"$f":"SUM(L15:L32)","v":{"v":205097.94838379996,"d":"205,097.95"}},{"$f":"L33/I33","v":{"v":0.5468033346208339,"d":"54.68%"}},{"$f":"SUM(N15:N32)","v":{"v":124613.9018292,"d":"124,613.90"}},{"$f":"N33/I33","v":{"v":0.3322280773516596,"d":"33.22%"}}]
[{"$nulls":3},"Acumulado ",{"$nulls":5},{"$f":"J33","v":{"v":45373.554284,"d":"45,373.55"}},{"$f":"J34/I33","v":{"v":0.12096859564710455,"d":"12.10%"}},{"$f":"J34+L33","v":{"v":250471.50266779994,"d":"250,471.50"}},{"$f":"L34/I33","v":{"v":0.6677719302679384,"d":"66.78%"}},{"$f":"L34+N33","v":{"v":375085.4044969999,"d":"375,085.40"}},{"$f":"N34/I33","v":{"v":1.0000000076195978,"d":"100.00%"}}]